| 000 -ლიდერი |
| ფიქსირებული სიგრძის საკონტროლო ველი |
01886nam a22002537a 4500 |
| 003 - საკონტროლო ნომრის იდენტიფიკატორი |
| საკონტროლო ველი |
Ge_BSU |
| 005 - ბოლო ოპერაციის თარიღი და დრო |
| საკონტროლო ველი |
20230418103649.0 |
| 008 - ფიქსირებული სიგრძის მონაცემთა ელემენტები - ზოგადი ინფორმაცია |
| ფიქსირებული სიგრძის საკონტროლო ველი |
230418s2016 ge ||||| |||| 00| 0 geo d |
| 020 ## - წიგნის საერთაშორისო სტანდარტული ნომერი |
| International Standard Book Number |
9789941094637 |
| 041 ## - ენის კოდი |
| Language code of text/sound track or separate title |
geo |
| 080 ## - უნივერსალური ათობითი კლასიფიკაციის ინდექსი |
| Universal Decimal Classification number |
72.071.1(479.22) ც-78 |
| 245 ## - ცნობა სათაურის შესახებ |
| Title |
ირაკლი ციციშვილი : |
| Remainder of title |
[კრებული] / |
| Statement of responsibility, etc |
მთავარი რედაქტორი ნიკოლოზ ანთიძე ; დიზაინერი მაკა ცომაია; დიზაინერი მაკა ცომაია; საქ. კულტურული მემკვიდრეობის დაცვის ეროვნული სააგენტო. |
| 264 ## - წარმოების, გამოცემის, დისტრიბუციის და სხვა ცნობები |
| გამოცემის, წარმოების, დისტრიბუციის... ადგილი |
თბილისი, |
| გამოცემის, წარმოების, დისტრიბუციის... თარიღი |
2016. |
| 300 ## - ფიზიკური აღწერა |
| Extent |
144 გვ. : |
| Other physical details |
ილ. ; |
| Dimensions |
23 სმ. |
| 500 ## - ზოგადი შენიშვნა |
| General note |
გარეკანზე: ი. ციციშვილი, ტიმოთესუბნის მონასტერი. |
| 501 ## - შენიშვნა თანმხლებ მასალაზე |
| With note |
წიგნში გამოყენებულია ირაკლი ციციშვილის 1946-1952 წლებში შესრულებული გრაფიკული ნამუშევრები და ჩანახატები. |
| 653 ## - INDEX TERM--UNCONTROLLED |
| Uncontrolled term |
ციციშვილი, ირაკლი, 1918-2001. |
| 653 ## - INDEX TERM--UNCONTROLLED |
| Uncontrolled term |
ქართველი არქიტექტორები |
| 700 ## - ADDED ENTRY--PERSONAL NAME |
| Personal name |
ანთიძე, ნიკოლოზ |
| Relator term |
ავტორი, რედაქტორი. |
| 9 (RLIN) |
17652 |
| 700 ## - ADDED ENTRY--PERSONAL NAME |
| Personal name |
ციციშვილი, მაია |
| Relator term |
რედაქტორი |
| 9 (RLIN) |
17653 |
| 700 ## - ADDED ENTRY--PERSONAL NAME |
| Personal name |
ცომაია, მაკა |
| Relator term |
დიზაინერი |
| 9 (RLIN) |
17654 |
| 710 ## - ADDED ENTRY--CORPORATE NAME |
| Corporate name or jurisdiction name as entry element |
საქ. კულტურული მემკვიდრეობის დაცვის ეროვნული სააგენტო |
| 9 (RLIN) |
17655 |
| 942 ## - ADDED ENTRY ELEMENTS (KOHA) |
| Source of classification or shelving scheme |
|
| Koha item type |
წიგნი |